| 000 | 00409cam a2200169ua 4500 | ||
|---|---|---|---|
| 020 | _c2.00 | ||
| 041 |
_ahin _h |
||
| 082 |
_a891.4 _bVLI/AA |
||
| 100 | _aVijandra, santhak . | ||
| 245 |
_aAathimikha Hindi sahithya / _cSanthak Vijandra. _hTextual Documents |
||
| 260 |
_a : _bAathmara yad sams , _c1916. |
||
| 300 | _a147 ; . | ||
| 365 | _a2.00 | ||
| 504 | _a | ||
| 942 | _cBK | ||
| 999 |
_c3689 _d3689 |
||